Hóa chất điều trị bệnh ung thư

Sách cung cấp kiến thức cơ bản về chẩn đoán và điều trị hóa chất và nội khoa trong các bệnh ung thư, mỗi bệnh có một hay nhiều phác đồ điều trị hóa chất khác nhau. Ngoài ra, sách còn thông tin về tác dụng phụ của các loại thuốc và cách x...

詳細記述

保存先:
書誌詳細
第一著者: Nguyễn Bá Đức
フォーマット: 図書
言語:Undetermined
出版事項: Hà Nội Y Học 2000
主題:
タグ: タグ追加
タグなし, このレコードへの初めてのタグを付けませんか!
Thư viện lưu trữ: Trung tâm Học liệu Trường Đại học Cần Thơ
LEADER 00943nam a2200205Ia 4500
001 CTU_42488
008 210402s9999 xx 000 0 und d
020 |b 41.000đ 
082 |a 616.994061 
082 |b Đ552 
100 |a Nguyễn Bá Đức 
245 0 |a Hóa chất điều trị bệnh ung thư 
245 0 |c Nguyễn Bá Đức 
260 |a Hà Nội 
260 |b Y Học 
260 |c 2000 
520 |a Sách cung cấp kiến thức cơ bản về chẩn đoán và điều trị hóa chất và nội khoa trong các bệnh ung thư, mỗi bệnh có một hay nhiều phác đồ điều trị hóa chất khác nhau. Ngoài ra, sách còn thông tin về tác dụng phụ của các loại thuốc và cách xử trí. 
650 |a cancer - chemotherapy 
904 |i Minh, 010726 
980 |a Trung tâm Học liệu Trường Đại học Cần Thơ